| 000 | 00376pam a2200145a 44500 | ||
|---|---|---|---|
| 008 | 230405s2012 xxu||||| |||| 00| 0 eng d | ||
| 041 | _aENG | ||
| 100 | _aSACHDEVA R. C. | ||
| 245 | _aFUNDAMENTALS OF ENGINEERING HEAT & MASS TRANSFER | ||
| 260 |
_aNEW DELHI _bNEW AGE INTERNATIONAL PUB _c2012 |
||
| 300 | _aP.B,XXI,674 | ||
| 650 | _aMECH | ||
| 690 | _aMECH | ||
| 906 | _a3285 | ||
| 999 |
_c817480 _d817480 |
||